01129nam a2200241 a 450000100100000000500170001000800410002702000180006804000250008608200200011110000520013124500590018326000690024230000300031150000700034159000260041165000270043765000310046495201330049595201180062895201240074699900170087000001746820240530073918.0100325s2008 dr c r 001 f spa d a9789945420425 aDO-SdBNPbspacBNPHU aRD863.44bN789j1 aNolasco Cordero, Francísco,d1932-200893818910aJando :bEl New York man /cFrancisco Nolasco Cordero. aSan Francisco de Macorís :bAngeles Fierro ;bNacional,c2008. a189 p. :bretr. ;c21 cm. aIncluye datos biográficos del autor en la solapa de la cubierta aInventariado, 2019/BT 0aNovela dominicana9223 0aLiteratura dominicana.967 001054708DSaGRbGRcHDd2010-03-25iLF1l0oRD863.44 N789jp17468-30r2020-06-25te. 3w2020-06-25yLFDSZPréstamo en sala 0010718PDaPDbPDcHDd2010-03-25iLF1l0oRD863.44 N789jp17468-10r2020-06-25w2020-06-25yLFPDZNo se presta 0010718PDaPDbPDcHDd2010-03-25iLF1l0oRD863.44 N789jp17468-20r2020-06-25te. 2w2020-06-25yLFPDZNo se presta c16993d16993